| 000 | 01523nam a2200349 a 4500 | ||
|---|---|---|---|
| 001 | dia_5353 | ||
| 003 | CHAP | ||
| 005 | 20251008115716.0 | ||
| 007 | ta | ||
| 008 | 220117s1981 mx f 001 0 spa d | ||
| 040 |
_cCHAP _amxchpua |
||
| 090 |
_aT.C.7 _bA38 _c1981 |
||
| 245 | 1 | 0 |
_aInforme del trabajo de campo realizado en la localidad de San Marcos, municipio del mismo nombre y el complejo industrial Hermenegildo Galeana de San Jerónimo de Juárez Guerrero / _ccoordinadores Atenógenes Aguirre Flores, Jorge Romero Peñaloza y José de los S. Castro Cardoza ; colaboradores Wilfrido Caballero Enrique...[et al.] |
| 260 |
_aMéxico : _bEl autor, _c1981 |
||
| 300 | _aaproximadamente 100 hojas | ||
| 336 |
_2rdacontent _atexto _btxt |
||
| 337 |
_2rdamedia _asin medio _bn |
||
| 338 |
_2rdacarrier _avolumen _bnc |
||
| 502 |
_aViaje de estudios. _cUACh. Departamento de Ingeniería Agroindustrial, _d1981 |
||
| 650 | 1 | 3 |
_aIndustria agropecuaria y economía de la empresa _9185423 _zMéxico _zGuerrero |
| 650 | 1 | 3 |
_aAgribusiness and business economics _9185424 _zMéxico _zGuerrero |
| 700 | 1 |
_aAguirre Flores, Atenógenes _92982 _ecoordinador |
|
| 700 | 1 |
_aCastro Cardoza, José de los Santos _920338 _ecoordinador |
|
| 700 | 1 |
_aRomero Peñaloza, Jorge _999647 _ecoordinador |
|
| 700 | 1 |
_aCaballero Enríquez, Wilfrido _ecolaborador _916550 |
|
| 901 | _aT.C.7 A38 1981 | ||
| 902 | _aM | ||
| 905 | _a5232271981 mx i 8222223322spa16 | ||
| 942 | _2local | ||
| 942 | _cVE | ||
| 999 |
_c176291 _d176291 |
||